[Event "CZE-ch U16 Girls"]
[Site "Kouty nad Desnou"]
[Date "2014.03.11"]
[Round "5"]
[White "Homolkova, Ivana"]
[Black "Kotsyba, Olexandra"]
[Result "1-0"]
[WhiteElo "1341"]
[BlackElo "1078"]
[PlyCount "69"]
[EventDate "2014.03.08"]
[EventType "swiss"]
[EventRounds "9"]
[EventCountry "CZE"]
[SourceTitle "EXT 2015"]
[Source "ChessBase"]
[SourceDate "2014.11.20"]
[SourceVersion "1"]
[SourceVersionDate "2014.11.20"]
[SourceQuality "1"]

1. e4 e5 2. Nf3 Nc6 3. d4 exd4 4. Nxd4 Bc5 5. Be3 Nf6 6. Nc3 d6 7. Nxc6 bxc6 8. Bxc5 dxc5 9. Qxd8+ Kxd8 10. Bc4 Ke7 11. 0-0-0 Re8 12. Rd2 Kf8 13. f3 Be6 14. Bxe6 Rxe6 15. Rhd1 Ke8 16. Na4 Re5 17. Rd3 Rb8 18. Rc3 Nd7 19. Rdd3 Rb4 20. b3 Rd4 21. Rxc5 Rxd3 22. Rxe5+ Nxe5 23. cxd3 Nxd3+ 24. Kd2 Ne5 25. Ke3 Kd7 26. Nc5+ Kd6 27. Nd3 Nxd3 28. Kxd3 Kc5 29. Kc3 a5 30. a3 Kb5 31. f4 f6 32. Kd4 c5+ 33. Kd5 c6+ 34. Kd6 c4 35. bxc4+ 1-0

[Event "CZE-ch U16 Girls"]
[Site "Kouty nad Desnou"]
[Date "2014.03.08"]
[Round "1"]
[White "Kotsyba, Olexandra"]
[Black "Nova, Michaela"]
[Result "0-1"]
[WhiteElo "1078"]
[BlackElo "1640"]
[PlyCount "58"]
[EventDate "2014.03.08"]
[EventType "swiss"]
[EventRounds "9"]
[EventCountry "CZE"]
[SourceTitle "EXT 2015"]
[Source "ChessBase"]
[SourceDate "2014.11.20"]
[SourceVersion "1"]
[SourceVersionDate "2014.11.20"]
[SourceQuality "1"]

1. e4 c5 2. Nf3 e6 3. Nc3 a6 4. Bd3 Nc6 5. b3 d6 6. a4 Nf6 7. Bb2 Be7 8. 0-0 0-0 9. Qe2 Qc7 10. Na2 e5 11. Bc4 Be6 12. Bc3 Rac8 13. Ng5 Qd7 14. Rab1 h6 15. Nxe6 fxe6 16. Qe3 d5 17. exd5 exd5 18. Bd3 d4 19. Bc4+ Kh8 20. Qd3 dxc3 21. Qxd7 Nxd7 22. Be6 Rcd8 23. Nxc3 Nd4 24. Nd5 Bd6 25. Bxd7 Rxd7 26. Nb6 Rdf7 27. c3 Nc6 28. Nc4 Bc7 29. Rbe1 Rd7 0-1

[Event "Tabor op"]
[Site "Tabor"]
[Date "2013.08.01"]
[Round "6"]
[White "Kubicek, Martin"]
[Black "Kotsyba, Olexandra"]
[Result "1-0"]
[WhiteElo "1537"]
[BlackElo "1100"]
[PlyCount "117"]
[EventDate "2013.07.28"]
[EventType "swiss"]
[EventRounds "9"]
[EventCountry "CZE"]
[SourceTitle "CBM 155 Extra"]
[Source "ChessBase"]
[SourceDate "2013.08.26"]
[SourceVersion "1"]
[SourceVersionDate "2013.08.26"]
[SourceQuality "1"]

1. c4 e5 2. Nc3 Nf6 3. g3 Bc5 4. e3 0-0 5. Bg2 Nc6 6. Nge2 d6 7. 0-0 Bf5 8. a3 Qd7 9. b4 Bb6 10. d4 a5 11. b5 Ne7 12. dxe5 Ne4 13. Nxe4 Bxe4 14. Bxe4 c6 15. exd6 Nc8 16. Bb2 Nxd6 17. bxc6 bxc6 18. Bg2 Qe6 19. Nf4 Qh6 20. Qg4 Nxc4 21. Bc3 Bc7 22. Bxc6 Rac8 23. Bd5 Be5 24. Bxe5 Nxe5 25. Qh5 Rfe8 26. Qxh6 gxh6 27. Rac1 Ng4 28. Rc6 Kg7 29. Nh5+ Kg8 30. h3 Ne5 31. Rxh6 Red8 32. Be4 Ng6 33. Bxg6 fxg6 34. Nf6+ Kg7 35. Ng4 a4 36. Rb1 Rc7 37. Rb4 Rd1+ 38. Kg2 Ra7 39. Rh4 Ra1 40. Ne5 Rxa3 41. Nc4 Ra2 42. Rd4 h6 43. Rd1 Rf7 44. Rb2 Rxb2 45. Nxb2 a3 46. Nc4 a2 47. Ra1 Ra7 48. Nd2 g5 49. Nb3 Ra3 50. Nc1 Kg6 51. Rxa2 Rc3 52. Ra6+ Kf5 53. Ne2 Rc4 54. g4+ Ke4 55. Ng3+ Kd3 56. Rxh6 Kd2 57. Rd6+ Ke1 58. Kf3 Rc2 59. Ne4 1-0